000 00579nam a2200193 4500
001 VA26369
003 ES-SlBCS
005 20210601155209.0
008 140520s1974 xxu||||| |||| 00| 0 eng d
020 _a0-87548-142-6
041 _aeng
100 1 _aSchilpp, Paul Arthur
_9348826
245 1 4 _aThe Philosophy of Karl Popper. Book II
_cPaul Arthur Schilpp
260 _aLa Salle, Illinois :
_bOpen Court
_c, 1974
300 _aXII,670-1323 p.;
_c24 cm
490 0 _aThe Library of Living Philosophers. Book II
_v14
600 1 _aPopper, Karl-FilosofĂ­a
_9369980
942 _cBK
999 _c815246
_d815246